000
00339 a2200157 4500
001
154495
040
_c
Escola São Tomás de Aquino
100
_a
MACHADO, Ana Maria
240
1
0
_a
Uma noite sem igual
_l
por
245
1
0
_a
Uma noite sem igual
300
_a
29
362
0
_a
2010
440
1
_a
FTD
697
_a
RELIGIÃO
942
_c
BK
999
_c
154495
_d
154495